Energetičeskaja elektronika : spravočnoje posobije /
Uložené v:
| Hlavný autor: | |
|---|---|
| Médium: | Kniha |
| Jazyk: | Russian |
| Vydané: |
Moskva :
Energoatomizdat,
1987.
|
| Vydanie: | 1. izd. |
| ISBN: |
(viaz.) |
| Fyzický popis: |
463 s. |
| Tagy: |
Pridať tag
Žiadne tagy, Buďte prvý kto otaguje tento záznam!
|
Titul je dostupný aj v ... 

MARC
| LEADER | 00000nam a2200000 a 4500 | ||
|---|---|---|---|
| 001 | 000382913 | ||
| 005 | 20211004113143.0 | ||
| 008 | 120528s1987 ru e rus d | ||
| 020 | |a (viaz.) |c Kčs 28,00 | ||
| 040 | |a SVKKK |b slo |c SVKKK |e AACR2 | ||
| 041 | 1 | |a rus |b ger | |
| 044 | |a ru |c RU | ||
| 245 | 0 | 0 | |a Energetičeskaja elektronika : |b spravočnoje posobije / |c Rudolf Lappe ... [et al.]. |
| 250 | |a 1. izd. | ||
| 260 | |a Moskva : |b Energoatomizdat, |c 1987. | ||
| 300 | |a 463 s. | ||
| 700 | 1 | |a Lappe, Rudolf. |4 aut | |
| 910 | |a svkkk | ||
| 998 | |a BK | ||
| 090 | |g SCKHL |k Sklad Pribinova 2. posch. |a II.311975 |j 755890 |i B236887 |s Absenčne | ||